| 000 | 00714nam a2200229Ia 4500 | ||
|---|---|---|---|
| 003 | GCL | ||
| 008 | 140319s9999 xx 000 0 ara d | ||
| 040 |
_aGCL / _cGCL |
||
| 082 | 0 | 4 |
_aق _b279 _bع و |
| 100 | 1 | _aعمر طوسون | |
| 245 | 1 | 0 |
_aوادى النطرون ورهبانة واديرته ومختصر تاريخ البطاركة / _cعمر طوسون |
| 260 |
_a[S.N] : _bمكتبة مدبولى ، _c1993 |
||
| 300 | _a212 ص | ||
| 490 |
_aصفحات من تاريخ مصر _v0 |
||
| 650 | 0 | 4 | _aمصر |
| 650 | 0 | 4 | _aوادى النطرون |
| 650 | 0 | 4 | _aالبطاركة |
| 650 | 0 | 4 | _aالكنيسة القبطية |
| 650 | 0 | 4 | _aالاديرة |
| 650 | 0 | 4 | _aالرهبان |
| 942 |
_2ddc _cBK |
||
| 999 |
_c52989 _d52989 |
||